| 000 | 00437nab a2200145Ia 4500 | ||
|---|---|---|---|
| 003 | ES-SlBCS | ||
| 005 | 20210601130449.0 | ||
| 008 | 140529s1962 xxu||||| |||| 00| 0 fre d | ||
| 041 | _afre | ||
| 100 | 1 |
_aRostenne, Paul _9173288 |
|
| 245 | 0 | 0 |
_aLe savoir et la vie spirituelle _c Paul Rostenne |
| 650 | 0 | 4 |
_aVida Espiritual-Saber _9173300 |
| 773 | 0 |
_tGiornali di Metafisica _gvol. 17, nº. 3, 1962, págs. 209-239 _w0017-0372 |
|
| 942 | _cAR | ||
| 999 |
_c547115 _d547115 |
||